Biblioteca

Dios, ¿un rival del hombre? (Registro nro. 70018)

Detalles MARC
000 -LÍDER
Campo fijo de descripción fija 01413nab a2200217 i 4500
001 - NÚMERO DE CONTROL
Campo de control 768714001
003 - IDENTIFICADOR DEL NÚMERO DE CONTROL
Campo de control CO-MdFUSB
005 - FECHA Y HORA DE LA ULTIMA TRANSACCIÓN
control field 20240531095547.0
008 - ELEMENTOS DE LONGITUD FIJA -- INFORMACIÓN GENERAL
Campo fijo de descripción fija -- Información general 240531t1975 ag ||||| |||| 00| 0 spa d
040 ## - FUENTE DE CATALOGACIÓN
Idioma de catalogación spa
Agencia que realiza la transcripción CO-MdFUSB
Agencia que realiza la modificación CO-MdFUSB
041 ## - CÓDIGO DE IDIOMA
Código de idioma para texto/pista de sonido o título separado spa
100 ## - ASIENTO PRINCIPAL--NOMBRE PERSONAL
Nombre personal Greiner, Albert,
Fechas asociadas con el nombre 1918-2013
Término relacionador autor
245 ## - TÍTULO
Título Dios, ¿un rival del hombre?
Mención de responsabilidad / Albert Greiner
520 ## - NOTA DE RESUMEN, ETC.
Nota de sumario, etc. El tema es un Dios que se presenta como adversario y le infunde el miedo a la destrucción y devastación causada por este "ser superior", que parece no querer abandonar su posición bajo el sol. El miedo y la duda se han reflejado durante algún tiempo. Es tan antiguo como el mundo, tan antiguo como la creencia religiosa más primitiva. A los hombres nunca les gustó que "Dios" metiera las narices en sus asuntos. Siempre odiaron que los trataran como "niños". El concepto de "paternidad" divina ha enfrentado la resistencia de los psicólogos modernos que condenan su naturaleza opresiva y autoritaria. Sí, la gente siempre ha conocido a Dios como una persona problemática o incluso más como un competidor.
650 #7 - ASIENTO SECUNDARIO DE MATERIA - TERMINO TEMÁTICO
Término temático o nombre geográfico como elemento de entrada Dios
9 (RLIN) 178
650 #7 - ASIENTO SECUNDARIO DE MATERIA - TERMINO TEMÁTICO
Término temático o nombre geográfico como elemento de entrada Hombre
9 (RLIN) 7135
650 #7 - ASIENTO SECUNDARIO DE MATERIA - TERMINO TEMÁTICO
Término temático o nombre geográfico como elemento de entrada Hermenéutica
9 (RLIN) 418
773 0# - ASIENTO DE ITEM FUENTE
Biblionumber 69974
Itemnumber 82717
Lugar, editorial y fecha de publicación Buenos Aires
Otro identificador del ítem R2609
Título Certeza
Número de control del registro (CO-MdFUSB)768714001
Parte(s) relacionada(s) / Volumen., número. (mes año), páginas Número 58, (abril - junio, 1975) páginas: 60 - 62
Enumeración y primera página página: 60
942 ## - TIPO DE MATERIAL (KOHA)
Tipo de Item KOHA Artículos de Revista
945 ## - INFORMACIÓN LOCAL DEL REGISTRO
Catalogador Catherine Arias Álvarez - Practicante SENA

No hay ítems disponibles.

Biblioteca FUSBC | Teléfono: (57+4) 349 88 10 Ext. 141| WhatsApp (+57) 3005338115 
E-mail: biblioteca@unisbc.edu.co | Calle 76 87-14 Robledo Palenque, Medellín, Colombia

Con tecnología Koha